| 000 | 01185cam a2200289 a 4500 | ||
|---|---|---|---|
| 001 | 6002 | ||
| 003 | FISKH | ||
| 005 | 20250225091906.0 | ||
| 008 | 080725s2008 nyua b 001 0 eng | ||
| 010 | _a 2008032824 | ||
| 020 |
_a9780316017923 _c$12.00 |
||
| 020 | _a9780316036696 (Int'l ed.) | ||
| 040 |
_aDLC _cDLC _dDLC |
||
| 050 | _aBF637.S8 G533 | ||
| 082 | _a302 | ||
| 100 | 1 |
_aGladwell, Malcolm, _d1963- |
|
| 245 | 1 | 0 |
_aOutliers : _bthe story of success / _cMalcolm Gladwell. |
| 260 |
_aNew York : _bPenguin Books, _c2008. |
||
| 300 |
_a365 pages : _c18 cm |
||
| 504 | _aIncludes bibliographical references (p. [287]-296) and index. | ||
| 520 | _aThe best-selling author of Blink identifies the qualities of successful people, posing theories about the cultural, family, and idiosyncratic factors that shape high achievers, in a resource that covers such topics as the secrets of software billionaires, why certain cultures are associated with better academic performance, and why the Beatles earned their fame. | ||
| 650 | 0 | _aSuccessful people. | |
| 650 | 0 | _aSuccess. | |
| 906 |
_a7 _bcbc _corignew _d1 _eecip _f20 _gy-gencatlg |
||
| 942 |
_2ddc _cBK _n0 |
||
| 999 |
_c6002 _d6002 |
||